مكتبة جامعة عجلون الوطنية

فهرس بحث المكتبة

Normal view MARC view
  • التجارة الدولية -العلاقات الاقتصادية الدولية

Entry Topical Term

Number of records used in: 1

001 - CONTROL NUMBER

  • control field: 47153

003 - CONTROL NUMBER IDENTIFIER

  • control field: JO-AjAnu

005 - DATE AND TIME OF LATEST TRANSACTION

  • control field: 20230606081804.0

008 - FIXED-LENGTH DATA ELEMENTS

  • fixed length control field: 230606|| aca||aabn | a|a d

040 ## - CATALOGING SOURCE

  • Original cataloging agency: JO-AjAnu
  • Transcribing agency: JO-AjAnu

150 ## - HEADING--TOPICAL TERM

  • Topical term or geographic name entry element: التجارة الدولية -العلاقات الاقتصادية الدولية

670 ## - SOURCE DATA FOUND

  • Source citation: Work cat.: (JO-AjAnu)24131: الحاج ، محمد عبدالقادر على , author 47152, مسئولية المنتج والموزع : دراسة فى قانون التجارة الدولية مع المقارنة بالفقة الإسلامي